Financovanie verejnej dopravy v SR bakalárska práca

Na minha lista:
Detalhes bibliográficos
Autor principal: Políčeková, Miroslava
Autor Corporativo: Národohospodárska fakulta EU. Katedra financií
Outros Autores: Neupauerová, Zuzana
Formato: Livro
Idioma:eslovaco
Publicado em: Bratislava 2012
Tags: Adicionar Tag
Sem tags, seja o primeiro a adicionar uma tag!

MARC

LEADER 00000nbm a2200000 4500
001 0155845
005 20161109111920.5
041 0 |a slo 
044 |a SK 
245 1 0 |a Financovanie verejnej dopravy v SR  |b bakalárska práca  |c Miroslava Políčeková ; školiteľ: Zuzana Neupauerová 
264 1 |a Bratislava  |c 2012 
300 |a 46 s. 
100 1 |a Políčeková, Miroslava 
700 1 |a Neupauerová, Zuzana 
710 2 |a Národohospodárska fakulta EU. Katedra financií